India remembered/ (Record no. 48003)

MARC details
000 -LEADER
fixed length control field 01419cam a2200349 a 4500
005 - DATE AND TIME OF LATEST TRANSACTION
control field 20031230185550.0
008 - FIXED-LENGTH DATA ELEMENTS--GENERAL INFORMATION
fixed length control field 940308s1993 enkab b 001 0 eng
010 ## - LCCN (DPL NO)
LC control number ENG-101581
020 ## - INTERNATIONAL STANDARD BOOK NUMBER
International Standard Book Number 9788125039600
Terms of availability 245.00
035 ## - SYSTEM CONTROL NUMBER
System control number EN-85114
037 ## - SOURCE OF ACQUISITION
Source of stock number/acquisition DBAD/PUB
040 ## - CATALOGING SOURCE
Original cataloging agency dpl
Language of cataloging Eng
082 ## - DEWEY DECIMAL CLASSIFICATION NUMBER
Classification number 941.082092
100 1# - MAIN ENTRY--PERSONAL NAME
9 (RLIN) 22405
Personal name Spear, Thomas George Percival.
245 10 - TITLE STATEMENT
Title India remembered/
Statement of responsibility, etc by Percival Spear [and] Margaret Spear ; with an introduction by Narayani Gupta.
250 ## - EDITION STATEMENT
Edition statement 2nd ed
260 ## - PUBLICATION, DISTRIBUTION, ETC. (IMPRINT)
Place of publication, distribution, etc New Delhi
Name of publisher, distributor, etc Orient Blackswan
Date of publication, distribution, etc 2010
270 ## - ADDRESS
Address 1/24 Asaf Ali Road
City New Delhi
Postal code 110002
300 ## - PHYSICAL DESCRIPTION
Extent xx,179p.
Dimensions 22cm (pbk)
600 ## - SUBJECT ADDED ENTRY--PERSONAL NAME
Personal name Spear, Thomas George Percival
General subdivision Travel
Geographic subdivision India.
9 (RLIN) 23357
600 ## - SUBJECT ADDED ENTRY--PERSONAL NAME
Personal name Spear, Margaret
General subdivision Travel
Geographic subdivision India.
9 (RLIN) 23358
650 #0 - SUBJECT ADDED ENTRY--TOPICAL TERM
9 (RLIN) 22406
651 ## - SUBJECT ADDED ENTRY--GEOGRAPHIC NAME
Geographic name India
General subdivision Description and travel.
9 (RLIN) 23359
651 ## - SUBJECT ADDED ENTRY--GEOGRAPHIC NAME
Geographic name India
General subdivision Social conditions.
9 (RLIN) 1549
651 ## - SUBJECT ADDED ENTRY--GEOGRAPHIC NAME
Geographic name India
General subdivision Economic conditions.
9 (RLIN) 23360
700 ## - ADDED ENTRY--PERSONAL NAME
Personal name Spear, Margaret
9 (RLIN) 22414
700 ## - ADDED ENTRY--PERSONAL NAME
9 (RLIN) 22425
856 42 - ELECTRONIC LOCATION AND ACCESS
Materials specified Publisher description
Uniform Resource Identifier <a href="http://www.loc.gov/catdir/description/texas041/93060588.html">http://www.loc.gov/catdir/description/texas041/93060588.html</a>
856 41 - ELECTRONIC LOCATION AND ACCESS
Materials specified Table of contents
Uniform Resource Identifier <a href="http://www.loc.gov/catdir/toc/texas041/93060588.html">http://www.loc.gov/catdir/toc/texas041/93060588.html</a>
942 ## - ADDED ENTRY ELEMENTS (KOHA)
Source of classification or shelving scheme Dewey Decimal Classification
Item type English Books
Call number suffix GUP
Classification part 941.082092
Holdings
Withdrawn status Lost status Source of classification or shelving scheme Damaged status Not for loan Collection code Home library Current library Date acquired Source of acquisition Cost, normal purchase price Total Checkouts Full call number Barcode Date last seen Copy number Cost, replacement price Koha item type
    Dewey Decimal Classification   Not For Loan Non-fiction D.B.Act.Division D.B.Act.Division 29/09/2010 DBAD/PUB 245.00   941.082092 GUP EN-85114 29/09/2010 1 245.00 English Books

© Delhi Public Library
Hit Counter
free hit counter